El constructivismo en el aula
Wedi'i Gadw mewn:
| Prif Awdur: | |
|---|---|
| Awduron Eraill: | , , , , , |
| Fformat: | Llyfr |
| Iaith: | Sbaeneg |
| Cyhoeddwyd: |
Barcelona, España
Grao
1998
|
| Rhifyn: | Octava edición |
| Cyfres: | Serie Pedagogía. Teoría y Práctica.
111 |
| Pynciau: | |
| Tagiau: |
Ychwanegu Tag
Dim Tagiau, Byddwch y cyntaf i dagio'r cofnod hwn!
|
MARC
| LEADER | 00000nam a2200000 a 4500 | ||
|---|---|---|---|
| 001 | UCP3654 | ||
| 003 | CL-VaPUC | ||
| 005 | 20211029163855.0 | ||
| 008 | 990702e19980000SP |||||||||||||||||spa|d | ||
| 999 | |c 281915 |d 281913 | ||
| 020 | |a 8478271562 | ||
| 040 | |c Pontificia Universidad Católica de Valparaíso | ||
| 082 | 0 | 4 | |a 371.3 COL 1998 |2 21 |
| 100 | 0 | |a Coll Salvador, César |9 431052 | |
| 245 | 1 | 3 | |a El constructivismo en el aula |
| 250 | |a Octava edición | ||
| 260 | 0 | 3 | |a Barcelona, España |b Grao |c 1998 |
| 300 | |a 183 páginas | ||
| 490 | 0 | |a Serie Pedagogía. Teoría y Práctica. |v 111 | |
| 583 | |a last modification |c 20150327 11:09:34 |k Rodrigo Vera | ||
| 650 | 0 | |a Educación |9 258661 | |
| 650 | 0 | |a Métodos de enseñanza |9 270413 | |
| 650 | 0 | |a Psicología del aprendizaje |9 306854 | |
| 700 | |a Mauri Majós, María Teresa |e autora |9 533488 | ||
| 700 | 0 | |a Miras, Mariana |9 431054 | |
| 700 | 0 | |a Onrubia, Javier |9 431055 | |
| 700 | 0 | |a Solé Gallart, Isabel |9 431056 | |
| 700 | 0 | |a Zabala, Antoni |9 222236 | |
| 700 | 0 | |a Martin, Elena |9 431057 | |
| 942 | |c BK |2 ddc | ||
| 945 | |d 19990702 00:00:00 |a vberengu | ||
| 952 | |0 0 |1 0 |2 ddc |4 0 |6 371_300000000000000_COL_1998 |7 0 |8 A |9 323067 |a BIBTEO |b BIBTEO |d 2019-11-20 |i 3524930 |o 371.3 COL 1998 |p 3524930 |r 2025-01-17 |t 3 |w 2019-11-20 |y BK |k ICR | ||
| 952 | |0 0 |1 0 |2 ddc |4 0 |6 371_300000000000000_COL_1998 |7 0 |8 A |9 323068 |a BIBCUR |b BIBCUR |d 2019-11-20 |i 3552624 |o 371.3 COL 1998 |p 3552624 |r 2025-04-22 |t 1 |w 2019-11-20 |y BK |k BIO | ||
| 952 | |0 0 |1 0 |2 ddc |4 0 |6 371_300000000000000_COL_1998 |7 0 |8 R |9 323069 |a BIBEDU |b BIBEDU |c MCIRC |d 2019-11-20 |i 475641K |o 371.3 COL 1998 |p 475641K |r 2023-01-13 |t 2 |w 2019-11-20 |y BK_R |k EPE | ||